| 000 | 01428cas a2200445 a 4500 | ||
|---|---|---|---|
| 001 | 7624909 | ||
| 003 | OSt | ||
| 005 | 20211027104539.0 | ||
| 006 | m d | ||
| 007 | cr n | ||
| 008 | 050614c19649999ru mr pss 0 0eng c | ||
| 020 | _a9788120340480 | ||
| 022 |
_a1555-6301 _y0040-6015 |
||
| 035 | _a(WaSeSS)ssj0044415 | ||
| 038 | _aKhadija | ||
| 040 |
_aOCoLC _beng _cOCoLC _dOCoLC _dGU _dOCoLC _dUV0 _dViRCU _dOCoLC _dWaSeSS |
||
| 041 | 1 |
_aeng _hrus |
|
| 042 | _apcc | ||
| 050 | 1 | 4 | _aTJ4 |
| 082 |
_a621.4 _bSOM |
||
| 100 |
_aSoman, K _975863 |
||
| 130 | 0 |
_aThermal engineering (Online) _983415 |
|
| 210 | 1 | 0 | _aThermal engineering |
| 245 | 1 | 0 | _aThermal engineering |
| 260 |
_a[Moscow, Russia] : _bMAIK Nauka/Interperiodica |
||
| 310 | _aMonthly | ||
| 362 | 1 | _aPrint began in 1964. | |
| 506 | _aAccess limited to subscribers. | ||
| 515 | _aAssuming the numbering of Teploenergetika. | ||
| 530 | _aAlso available in print. | ||
| 538 | _aMode of access: World Wide Web. | ||
| 563 | _aPB | ||
| 650 | 0 |
_aHeat engineering _vPeriodicals. _983416 |
|
| 650 | 0 |
_aPower (Mechanics) _vPeriodicals. _983417 |
|
| 655 | 0 |
_aElectronic journals. _913048 |
|
| 765 | 0 | _tTeploenergetika | |
| 776 | 1 |
_tThermal engineering _x0040-6015 _w(DLC)67000731 |
|
| 856 | 4 | 0 |
_uhttp://www.columbia.edu/cgi-bin/cul/resolve?clio7624909 _zFull text available from SpringerLINK - NERL: 2006 to present |
| 942 |
_2ddc _cBK |
||
| 999 |
_c33175 _d33175 |
||